000 00455nam a2200169Ia 4500
005 20241001054839.0
008 240331s9999 xx 000 0 und d
020 _a1871438284
082 _bPER
_a809
245 0 _aPerspectives on Post-Colonial Literature
260 _aLondon
_bSkoob Books Ltd
_c2001
300 _ax, 214 p .,
650 _aPost Colonial Literature
650 _aCultural Studies
700 _aGoonetilleke, D.C.R.A.
_eedt
942 _cL
999 _c3157
_d3157